La fonología en el siglo XX

Saved in:
Bibliografiske detaljer
Hovedforfatter: Anderson, Stephen R (Author)
Format: Bog
Sprog:spansk
Udgivet: Madrid Visor 1990
Serier:Literatura y debate crítico, 5
Fag:
Tags: Tilføj Tag
Ingen Tags, Vær først til at tagge denne postø!

MARC

LEADER 00000nam a2200000 a 4500
001 UCX7826
003 CL-VaPUC
008 940106e19900000SP |||||||||||||||||spa|d
082 0 4 |a 414  |b AND  |2 21 
100 0 |a Anderson, Stephen R  |e author  |9 324740 
245 1 3 |a La fonología en el siglo XX 
300 |a 411 p 
942 |c BK 
945 |d 19940106 00:00:00  |a rbrito 
260 |a Madrid  |b Visor  |c 1990 
650 7 |a ESPAÑOL FONETICA  |2 CL-VaPUC  |9 316405 
650 7 |a FONETICA SIGLO 20  |2 CL-VaPUC  |9 324741 
650 7 |a ESPAÑOL FONOLOGIA  |2 CL-VaPUC  |9 317308 
583 |a last modification  |c 19940106 00:00:00  |k Rodrigo Vera 
490 0 |a Literatura y debate crítico, 5 
999 |c 227520  |d 227518 
952 |0 0  |1 0  |4 0  |6 414_000000000000000_AND_1990  |7 0  |8 A  |9 226618  |a BIBEDU  |b BIBEDU  |d 2019-11-15  |i 2948532  |o 414 AND 1990  |p 2948532  |r 2019-11-15  |w 2019-11-15  |y BK  |k LIT